Art of Public Relation (Record no. 80)

MARC details
000 -LEADER
fixed length control field 00363nam a2200145Ia 4500
008 - FIXED-LENGTH DATA ELEMENTS--GENERAL INFORMATION
fixed length control field 230312s9999||||xx |||||||||||||| ||und||
020 ## - INTERNATIONAL STANDARD BOOK NUMBER
International Standard Book Number 81-7094-586-0
082 ## - DEWEY DECIMAL CLASSIFICATION NUMBER
Classification number 659.2
Item number ART
245 #0 - TITLE STATEMENT
Title Art of Public Relation
260 ## - PUBLICATION, DISTRIBUTION, ETC.
Name of publisher, distributor, etc. Vision business books
Place of publication, distribution, etc. New Dehli
Date of publication, distribution, etc. 2001
300 ## - PHYSICAL DESCRIPTION
Extent 168
546 ## - LANGUAGE NOTE
Language note Eng.
650 ## - SUBJECT ADDED ENTRY--TOPICAL TERM
Topical term or geographic name entry element Accounting
Form subdivision The creation of trust
942 ## - ADDED ENTRY ELEMENTS (KOHA)
Koha item type BOOK
Holdings
Withdrawn status Lost status Source of classification or shelving scheme Damaged status Not for loan Home library Current library Date acquired Total Checkouts Full call number Barcode Date last seen Price effective from Koha item type
    Dewey Decimal Classification     Superior Information Resource Center (SIRC) Superior University- Main Campus Superior Information Resource Center (SIRC) Superior University- Main Campus 03/13/2023   659.2 ART 80 03/13/2023 03/13/2023 BOOK

Powered by Koha